Statystyki dla Jaki to piłkarz? #5

Kliknij tutaj aby rozwiązać quiz!

Ogólne statystyki

  • Ten quiz został rozwiązany 534 razy
  • Średni wynik to 9 z 15

Statystyki odpowiedzi

HitOdpowiedź% Poprawnych
Pół piłkarz, pół golfista. Częściej przebywa w szpitalu, aniżeli na boisku.Gareth Bale
87%
Napastnik pochodzący z Ameryki Południowej. Najwidoczniej nie bardzo lubi się z Giorgio Chiellinim po sytuacji, w której owy napastnik w kontrowersyjny sposób sfaulował Chielliniego. W swojej reprezentacji narodowej rozegrał już ponad 100 meczów.Luis Suarez
81%
Obrońca silnie związany z Manchesterem United. Zdobywca Ligi Mistrzów 2007/2008, 6-krotni mistrz Anglii. W 2015 roku zawiesił buty na kołku.Rio Ferdinand
78%
Brazylijski napastnik, klubowy kolega Mohameda Salaha. Popularny "Bobby"Roberto Firmino
78%
Niemiecki czarnoskóry obrońca. W sezonie 2018/2019 zdobył ze swoją drużyną Ligę Europy. Były gracz m.in Romy i Stuttgartu.Antonio Rudiger
69%
Pomocnik Borussii Dortmund, znany ze swojej bujnej czupryny. Polskim kibicom zapadł w pamięć jako boiskowy brutal, kiedy agresywnie sfaulował Marcina Wasilewskiego, łamiąc mu przy tym nogę w nienaturalny sposób.Axel Witsel
68%
Meksykański napastnik, który swój niski wzrost potrafi zamienić w atut. W swojej karierze grał m.in. dla Realu Madryt, Manchesteru United czy Bayeru Leverkusen. Obecnie występuje w Sevilli.Javier Hernandez "Chicharito"
57%
Niezwykle utytułowany niemiecki zawodnik. Na swoim koncie ma m.in. Mistrzostwo Świata i Ligę Mistrzów. Znany ze swojego ofensywnego (jak na swoją pozycję) stylu gry. Kapitan swojego zespołu.Manuel Neuer
54%
Wybitny holenderski napastnik, żywa legenda Arsenalu. Starsi kibice z pewnością pamiętają jego bramkę, gdy mając obrońcę na plecach, przerzucił nad nim piłkę, wziął go na obieg i strzelił do siatki płasko po ziemi obok bramkarza.Dennis Bergkamp
49%
Samuraj z Japonii, który sensacyjnie zdobył ze swoją drużyną Mistrzostwo Anglii w sezonie 2015/2016. Na codzień gra na pozycji napastnika.Shinji Okazaki
49%
Były obrońca Realu Madryt oraz Torino. Posiada podwójne obywatelstwo. Obecnie występuje we Francji, będąc jednocześnie kapitanem swojej drużyny.Kamil Glik
47%
Były pomocnik posiadający obywatelstwo polskie, jak i włoskie. Urodzony w Bydgoszczy. 80-krotny reprezentant kraju. Podczas swojej kariery grał jedynie w dwóch polskich klubach - Zawiszy oraz Widzewie.Zbigniew Boniek
44%
Angielski wonderkid, którego albo się kocha, albo nienawidzi. Cytując Taco Hemingwaya: "Znowu po tych klubach żonglerka jak..."Dele Alli
43%
Były polski zawodnik grający niegdyś w Manchesterze City. Urodzony w Starogardzie Gdańskim.Kazimierz Deyna
38%
Angielski skrzydłowy z irlandzkimi korzeniami. Głównie kojarzony z występów w Evertonie. Posiada takie samo nazwisko jak jeden z członków grupy The Beatles.Aaron Lennon
30%

Rozkład punktacji

Percentyl według liczby udzielonych odpowiedzi

Procent ludzi z każdym wynikiem

Twoja historia wyników

Nie rozwiązałeś tego quizu